LEADER 01118oam 22002413u 450 001 996320174103316 035 $a(CKB)3230000000042502 035 $a(UtSlPG)33113 035 $a(EXLCZ)993230000000042502 100 $a20220128d2010|||| ||s | 101 0 $aeng 200 10$aThe Divorce of Catherine of Aragon The Story as Told by the Imperial Ambassadors Resident at the Court of Henry VIII 210 $cProject Gutenberg 517 $aDivorce of Catherine of Aragon 606 $aCatharine$aof Aragon$aQueen$aconsort of Henry VIII$aKing of England$a1485-1536$aDivorce$aGreat Britain$aHistory$aHenry VIII$a1509-1547$aBiography$a1491-1547 615 14$aCatharine$aof Aragon$aQueen$aconsort of Henry VIII$aKing of England$a1485-1536$aDivorce$aGreat Britain$aHistory$aHenry VIII$a1509-1547$aBiography$a1491-1547 700 $aFroude$b James Anthony$f1818-1894$0438957 801 0$bUtSlPG 801 1$bIL-JeEL 906 $aBOOK 912 $a996320174103316 996 $aThe Divorce of Catherine of Aragon The Story as Told by the Imperial Ambassadors Resident at the Court of Henry VIII$92596059 997 $aUNISA